| 000 | 01343cad a22001935a 4500 | ||
|---|---|---|---|
| 001 | L152586 | ||
| 008 | 110330s2011 xxk f 000 0 eng d | ||
| 035 | _a(Sirsi) u152586 | ||
| 041 | 0 | _aeng | |
| 110 | 2 |
_aUnited Kingdom _bDepartment for Environment, Food and Rural Affairs |
|
| 245 | 0 | 2 |
_aA new era for the waterways _ba consultation on the Government's proposals for moving inland waterways into a new charity in England and Wales _h[electronic resource] |
| 260 |
_aLondon _bDEFRA _c2011 |
||
| 520 | _aConsultation seeks view on creation of a new charity to manage Britain?s publicly owned inland waterways currently managed by British Waterways. This is hoped to secure the waterways long term financial future by enabled access to new sources of income and encourage a more active base of volunteers who can help maintain the waterways using their expertise, passion and knowledge. The consultation closes on 30 June 2011 and the new charity is expected to be created in April 2012 subject to the passage of the Public Bodies Bill. | ||
| 590 | _aKA NTK | ||
| 651 | 4 | _aENGLAND AND WALES | |
| 690 | _aPROPERTY-INFRASTRUCTURE-WATER TRANSPORT AND PROTECTION INFRASTRUCTURE | ||
| 856 | 4 | 0 |
_uhttps://www.defra.gov.uk/corporate/consult/waterways-1103/110330-waterways-condoc.pdf _zView the item free of charge at www.defra.gov.uk |
| 942 | _n0 | ||
| 999 |
_c112129 _d112129 |
||